| 000 | 00435nam a22001577a 4500 | ||
|---|---|---|---|
| 003 | macl | ||
| 005 | 20221206120101.0 | ||
| 008 | 221206b |||||||| |||| 00| 0 eng d | ||
| 040 | _cmacl | ||
| 082 | _a303 | ||
| 100 |
_aVISIONI IAS _981591 |
||
| 245 | _aसामाजिक न्याय | ||
| 260 |
_bVISIONI IAS _c2022 |
||
| 650 |
_aसामाजिक न्याय _981592 |
||
| 942 |
_2ddc _cHIN |
||
| 999 |
_c65695 _d65695 |
||